The noble scholar, jurist, historian


 His Excellency Dr. Abdul Wahhab bin Ibrahim Abu Sulaiman, may Allah have mercy on him.


 He was born in Umm Al-Qura in the year 1356 AH.

معجم المصطلحات والألقاب التاريخية/ (Record no. 569)

MARC details
000 -LEADER
fixed length control field 01993cam a2200325 i 4500
003 - CONTROL NUMBER IDENTIFIER
control field SA-RiAUC
005 - DATE AND TIME OF LATEST TRANSACTION
control field 20240926141033.0
008 - FIXED-LENGTH DATA ELEMENTS--GENERAL INFORMATION
fixed length control field 240919s1996 le o g d 00000 ara c
024 0# - OTHER STANDARD IDENTIFIER
Standard number or code 00000000965278
024 0# - OTHER STANDARD IDENTIFIER
Standard number or code 00000000968737
040 ## - CATALOGING SOURCE
Original cataloging agency SA-RiAUC
Language of cataloging ara
Transcribing agency SA-RiAUC
Modifying agency AE-DuMBRL
Description conventions rda
043 ## - GEOGRAPHIC AREA CODE
Geographic area code ma-----
082 04 - DEWEY DECIMAL CLASSIFICATION NUMBER
Classification number 953.0003
Assigning agency SA-RiAUC
090 ## - LOCALLY ASSIGNED LC-TYPE CALL NUMBER (OCLC); LOCAL CALL NUMBER (RLIN)
Classification number (OCLC) (R) ; Classification number, CALL (RLIN) (NR) 953.0003
Local cutter number (OCLC) ; Book number/undivided call number, CALL (RLIN) خ ط ي
100 1# - MAIN ENTRY--PERSONAL NAME
Personal name الخطيب، مصطفى عبد الكريم
Relator term مؤلف.
245 10 - TITLE STATEMENT
Title معجم المصطلحات والألقاب التاريخية/
Statement of responsibility, etc. تأليف مصطفى عبد الكريم الخطيب.
250 ## - EDITION STATEMENT
Edition statement الطبعة الأولى.
264 #1 - PRODUCTION, PUBLICATION, DISTRIBUTION, MANUFACTURE, AND COPYRIGHT NOTICE
Place of production, publication, distribution, manufacture بيروت :
Name of producer, publisher, distributor, manufacturer مؤسسة الرسالة للطباعة والنشر والتوزيع،
Date of production, publication, distribution, manufacture, or copyright notice 1996.
300 ## - PHYSICAL DESCRIPTION
Extent 458 صفحة :
Other physical details صور ؛
Dimensions 24 × 17 سم
336 ## - CONTENT TYPE
Content type term نص
Content type code txt
Source rdacontent
Materials specified كتاب
337 ## - MEDIA TYPE
Media type term بدون وسيط
Media type code n
Source rdamedia
338 ## - CARRIER TYPE
Carrier type term مجلد
Carrier type code nc
Source rdacarrier
520 ## - SUMMARY, ETC.
Summary, etc. يتناول كتاب (معجم المصطلحات والألقاب التاريخية) والذي قام بتأليفه مصطفى عبد الكريم الخطيب، موضوع (معجم مصطلحات وألقاب) الكتاب مؤلف عام وشامل لكل المعاني والمفردات والمصطلحات، التي تتضمنها مادة التاريخ، وقد رتبت هذه المصطلحات ترتيبا معجميا، بحيث يكون عونا للباحثين والعاملين بمختلف المجالات المتصلة بتراثنا عبر العصور السالفة كلها.
650 #7 - SUBJECT ADDED ENTRY--TOPICAL TERM
Topical term or geographic name entry element التاريخ الإسلامي
Form subdivision معاجم
Source of heading or term aucsh
650 #7 - SUBJECT ADDED ENTRY--TOPICAL TERM
Topical term or geographic name entry element الأسماء والكنى والألقاب والأنساب
Form subdivision معاجم
Source of heading or term aucsh
651 #7 - SUBJECT ADDED ENTRY--GEOGRAPHIC NAME
Geographic name البلاد العربية
General subdivision تاريخ
Form subdivision معاجم
Source of heading or term aucsh
942 ## - ADDED ENTRY ELEMENTS (KOHA)
Source of classification or shelving scheme Dewey Decimal Classification
Koha item type Books
Suppress in OPAC No
949 ## - LOCAL PROCESSING INFORMATION (OCLC)
a SA-JeALM
d 240919
u mohamedma123
n 1
Holdings
Withdrawn status Lost status Source of classification or shelving scheme Damaged status Not for loan Home library Current library Date acquired Total checkouts Full call number Barcode Date last seen Price effective from Koha item type
    Dewey Decimal Classification     DR AbdElwahab Library DR AbdElwahab Library 09/26/2024   953.0003 خ ط ي 000000823 09/26/2024 09/26/2024 Books